书目信息 |
| 题名: |
含硒水处理
|
|
| 作者: | 王琳 , 施永生 编著 | |
| 分册: | ||
| 出版信息: | 北京 化学工业出版社 2005.08 |
|
| 页数: | 193页 | |
| 开本: | 24cm | |
| 丛书名: | ||
| 单 册: | ||
| 中图分类: | X703 | |
| 科图分类: | ||
| 主题词: | 硒--xi--工业废水--废水处理 | |
| 电子资源: | ||
| ISBN: | 7-5025-7527-8 | |
| 000 | 00893nam0 2200241 450 | |
| 001 | 012006648453 | |
| 005 | 20060313133132.39 | |
| 010 | @a7-5025-7527-8@dCNY30.00 | |
| 100 | @a20060313d2005 km y0chiy0120 ea | |
| 101 | 0 | @achi |
| 102 | @aCN@b110000 | |
| 105 | @aa a 000yy | |
| 200 | 1 | @a含硒水处理@Ahan xi shui chu li@f王琳, 施永生编著@Fwang lin,shi yong sheng bian zhu |
| 210 | @a北京@c化学工业出版社@d2005.08 | |
| 215 | @a193页@c图@d24cm | |
| 320 | @a有书目 (第192-193页)。 | |
| 330 | @a本书共分7章,主要内容包括绪论、共沉淀除硒、离子交换法除硒、活性炭吸附除硒、改性滤料除硒、湿地法除硒和生物法除硒。同时介绍了硒的资源、生产、应用、生理作用毒性及含硒水处理的部分工程实例等内容。 | |
| 606 | 0 | @a硒@Axi@x工业废水@x废水处理 |
| 690 | @aX703@v4 | |
| 701 | 0 | @a王琳@Awang lin@4编著 |
| 701 | 0 | @a施永生@Ashi yong sheng@4编著 |
| 801 | 0 | @aCN@bQSSK@c20060313 |
| 905 | @a10447@dX703@eW265 | |
| 含硒水处理/王琳, 施永生编著.-北京:化学工业出版社,2005.08 |
| 193页:图;24cm |
| ISBN 7-5025-7527-8:CNY30.00 |
| 本书共分7章,主要内容包括绪论、共沉淀除硒、离子交换法除硒、活性炭吸附除硒、改性滤料除硒、湿地法除硒和生物法除硒。同时介绍了硒的资源、生产、应用、生理作用毒性及含硒水处理的部分工程实例等内容。 |
| ● |
| 相关链接 |
|
|
|
正题名:含硒水处理
索取号:X703/W265
 
预约/预借
| 序号 | 登录号 | 条形码 | 馆藏地/架位号 | 状态 | 备注 |
| 1 | 555883 | 205558831 | 自科库501/501自科库 105排1列4层/ [索取号:X703/W265] | 在馆 | |
| 2 | 555884 | 205558840 | 自科二线504/504自科库 41排4列6层/ [索取号:X703/W265] | 在馆 | |
| 3 | 555885 | 205558859 | 自科二线504/504自科库 41排4列6层/ [索取号:X703/W265] | 在馆 |